| 000 | 00524nam a2200181Ia 4500 | ||
|---|---|---|---|
| 005 | 20250508151836.0 | ||
| 008 | 008 250505s9999 xx 000 0 hin d | ||
| 037 | _aTextual | ||
| 040 |
_aFEDL _beng _cFEDL |
||
| 041 |
_ahin _2hin |
||
| 084 |
_a954.01, NAH _qFEDL |
||
| 100 |
_aNahar Ratibhanu Singh _9415737 |
||
| 245 | 0 | _aPrachin bharat ka rajnitik aur sanskritik itihas | |
| 260 |
_aAllahabad, India _bKitab Mahal _c1956 |
||
| 300 | _a735p. | ||
| 942 |
_cTEXL _h954.01, NAH |
||
| 999 |
_c1332452 _d1332452 |
||